Bar del infieno /

Guardado en:
Autor Principal: Dolina, Alejandro
Formato: Libro
Publicado: Buenos Aires : Planeta, 2005
Materias:
Etiquetas: Agregar Etiqueta
Sin Etiquetas, Sea el primero en etiquetar este registro!
LEADER 00812nam a22002175a 4500
001 CEM.cems011895
005 20070524123503.0
008 130507s2005##################000#0#####d
003 CEMS
020 |a 9504913504 
082 0 4 |a A868.4 
100 1 |a Dolina, Alejandro 
245 1 0 |a Bar del infieno /  |c Alejandro Dolina 
260 |a Buenos Aires :  |b Planeta,  |c 2005 
300 |a 348 p. 
505 0 |a Amores imposibles de la provincia de Buenos Aires, ciudades lejanas gobernadas por jaurías, santos levitadores, mendigos impiadosos y seres insaciables que se devoran a sí mismos integran el curioso repertorio de esta obra. 
653 |a Literatura 
653 |a Literatura argentina siglo xxi 
653 |a Relatos 
653 |a Narrativa argentina 
859 |a CEMS  |b BIB. CEMS - 11 de abril  |h A868.4  |i D689-1  |p 22981.05  |t Ej.1